000 00325nam a22001457a 4500
003 OSt
005 20160727222346.0
008 160621b xxu||||| |||| 00| 0 eng d
040 _cTest
100 _9247
_aBaglio, B, M
245 _aKitten Crowd
260 _aN.Y
_b Scholastic
_c1996
300 _aKitten Crowd
942 _2ddc
_cBK
999 _c198
_d198